00611nam a2200181Ia 4500008004100000020001500041041001200056082001600068100002100084245007600105260002500181300000800206650000700214700001500221942000700236999001500243952017100258221030s9999 xx 000 0 und d a0074635913 aEnglish a105.23bEdm aJ. A. Edminister 0aTheory & Problems of Electric Circuitscby J. A. Edminister, N. Mohmood bTMHaNew Delhic1999 a468 aEE aN. Mohmood cBK c5673d5673 pBE 1395g175.00l0o105.23 Edmr2024-06-13 00:00:00w2022-10-30yBK003Print4070aMIETLIBbMIETLIBcBL-Academic Block A, FL-1, CUP-36, SH-6, R-6d2000-04-2810HBE